| 000 | 00944nam0a22002531 4500 | ||
|---|---|---|---|
| 001 | rc\3822777 | ||
| 005 | 20250530062734.0 | ||
| 021 |
_aRU _b76-91457 |
||
| 035 | _a(NLR Aleph) 007271455 | ||
| 090 |
_a5413899 _c5413899 |
||
| 100 | _a20120410d1976 |||y0rusy50 ca | ||
| 101 | 0 | _arus | |
| 102 |
_aRU _aRU |
||
| 105 | _aa z ||||| | ||
| 200 | 1 |
_aАнатомия и физиология детского организма _e(Внутр. органы) _e[Учеб. пособие для студентов фак. дошкольного воспитания пед. ин-тов] |
|
| 210 |
_aМосква _cПросвещение _d1976 |
||
| 215 |
_a239 с., 8 л. ил. _cил. _d23 |
||
| 700 | 1 |
_aЛеонтьева _bН.Н. _gНина Николаевна |
|
| 701 | 1 |
_aМаринова _bК.В. _gКсения Васильевна |
|
| 801 | 0 |
_aRU _bNLR _gpsbo |
|
| 801 | 1 |
_aRU _bELAR _2rusmarc |
|
| 852 |
_aNLR _j78-5/67 |
||
| 942 | _cBOOK | ||
| 980 | _aNB | ||